• 首页
  • 本馆介绍
  • 公告通知
  • 最新文献
  • 馆藏检索
  • 电子资源
  • 读者导购
  • 参考咨询
  • 我的图书馆
  • 登录
  • 详细信息显示
  • 放入我的书架
  • 预约/预借图书
  • 作者相关作品
  • 分类相关作品
  • 丛书相关作品
  • 出版社相关作品

书目信息

  • 表格格式
  • 工作单格式
  • 卡片格式
题名:
液晶知识
    
 
作者: 立花太郎 著 ;谈漫琪 , 丁学泉 编译
分册:  
出版信息: 北京   科学普及出版社  1984
页数: 205页
开本: 19cm
丛书名:
单 册:
中图分类: O753
科图分类:
主题词: 液晶--基本知识
电子资源:
ISBN:
000 00732nam0 2200265 45
001 0184002286
005 20040520112550.9
010    @dCNY0.70
091    @a13051.1352
100    @a19950511d1984 em y0chiy0121 ea
101 1  @achi@cjpn
102    @aCN@b110000
105    @ay z 000yy
106    @ar
200 10 @a液晶知识@Aye jing zhi shi@f(日)立花太郎等著@g谈漫琪,丁学泉编译
210    @a北京@c科学普及出版社@d1984
215    @a205页@d19cm
606    @a液晶@x基本知识
690    @aO753@v3
701  0 @a立花太郎@Ali hua tai lang@4著
702  0 @a谈漫琪@Atan man qi@4编译
702  0 @a丁学泉@Ading xue quan@4编译
801  0 @aCN@b上海图书馆@c20040520
801  2 @aCN@bNLC@c20040520
905    @f2@b147806-807@dO753@e3
    
    液晶知识/(日)立花太郎等著/谈漫琪,丁学泉编译.-北京:科学普及出版社,1984
    205页;19cm
    
    
    ISBN :CNY0.70
    
●
相关链接 在E读中查询图书 在五车中查询图书 在当当中查询图书 在豆瓣中查询图书


正题名:液晶知识     索取号:O753/3         预约/预借

序号 登录号 条形码 馆藏地/架位号 状态 备注
1 0147806   000627334   第三借阅区/ [索取号:O753/3] 在馆    
2 0147807   000627593   第三借阅区/ [索取号:O753/3] 在馆    
3 0147808   202101448   第二样本阅览室/ [索取号:O753/3] 在馆    
唐山师范学院图书馆 欢迎您!
大连网信软件有限公司© 版权所有